| 000 | 00865cam a2200265Ma 4500 | ||
|---|---|---|---|
| 001 | on1041359004 | ||
| 003 | TZ-ArACH | ||
| 005 | 20250305090822.0 | ||
| 008 | 160530s2009 tz 000 0 eng d | ||
| 020 | _a9789987080120 | ||
| 020 | _a998708012X | ||
| 022 | _a1821-5181 | ||
| 035 | _a(OCoLC)1041359004 | ||
| 040 |
_aCHRRO _bfre _cTZ-ArACH _dOCLCL |
||
| 049 | _aTZAA | ||
| 050 |
_aKTT52 _b .A31 2019 |
||
| 245 | 0 | 0 |
_aSpecial commentary on the Tanzanian law of the Child Act (2009) / _cChief ed.: Clement Mashamba. _bin The Justice Review Vol 8 no. 2 of 2009 |
| 260 |
_aDar es Salaam: _bNational Organisation for Legal Assistance (NOLA); _c2019. |
||
| 300 | _avi, 279 p. | ||
| 490 | 1 |
_aThe justice review _vvol. 8, no. 2 |
|
| 650 |
_aTanzania _xChildren's Act |
||
| 700 | 1 | _aMashamba, Clement J. | |
| 830 | 4 |
_aThe Justice Review _v8,2. |
|
| 942 |
_2lcc _cBOOK |
||
| 999 |
_c7493 _d7493 |
||